| 000 | 01060 a2200205 4500 | ||
|---|---|---|---|
| 003 | Nust | ||
| 005 | 20250923164816.0 | ||
| 040 | _cNust | ||
| 082 | _a621.384,REY | ||
| 100 |
_aJ H Reyner _9130661 |
||
| 245 |
_aModern radio communication ; _bfor the more advanced student covering the technique required _cJ H Reyner |
||
| 250 | _a3rd ed | ||
| 260 |
_aSir Isaac Pitman _bLondon _c1940 |
||
| 300 |
_a255, 23 p _billus _c19 cm |
||
| 505 | _aThe Radio Transmitter (Page-1), The Transmitting Aerial (Page-26), Feeders (Page-40), The Radio Receivers (Page-51), The Receiving Aerial (Page-131), Coupled Circuits (Page-144), Filters And Attenuators (Page-155), Commercial Radiotelephony (Page-174), Short Wave Operation (Page-182), Ultra Short Waves (Page-199), Measurements In Radio Communication (Page-207), Picture Transmission And Television (Page-224) | ||
| 538 | _aAlmirah No. 39 Shelf No. 3 | ||
| 600 |
_aJ H Reyner _9130661 |
||
| 650 |
_aModern radio communication ;for the more advanced student covering the technique required _9130662 |
||
| 942 |
_2ddc _cBK |
||
| 999 |
_c183139 _d183139 |
||